Štúdium reakčných podmienok na selektívnu oxidáciu 1,2-propándiolu s bimetalickým katalyzátorom
Guardado en:
| Autor principal: | |
|---|---|
| Otros Autores: | |
| Formato: | Manuscrito Libro |
| Lenguaje: | eslovaco |
| Publicado: |
2018
|
| Materias: | |
| Acceso en línea: | http://is.stuba.sk/zp/portal_zp.pl?podrobnosti=136429 |
| Etiquetas: |
Sin Etiquetas, Sea el primero en etiquetar este registro!
|
MARC
| LEADER | 00000ntm a22000003a 4500 | ||
|---|---|---|---|
| 001 | stuzp69828 | ||
| 003 | SK-STU | ||
| 005 | 20180602211343.0 | ||
| 007 | ta | ||
| 008 | 150427s2015----xo-----f-mn---000-0-slo-d | ||
| 040 | |a STU |b slo | ||
| 041 | 0 | |a slo | |
| 100 | 1 | |a Tušeková, Alžbeta |u 048130 |4 aut |U FCHPT Ústav organickej chémie, katalýzy a petrochémie |T FCHPT Oddelenie organickej technológie, katalýzy a ropy |X 63615 |U C8130 |Y 123 |7 63615 | |
| 242 | 0 | 1 | |a Study of Reaction Conditions for Selective Oxidation of 1,2-propanediol over Bimetallic Catalyst |y eng |
| 245 | 1 | 0 | |a Štúdium reakčných podmienok na selektívnu oxidáciu 1,2-propándiolu s bimetalickým katalyzátorom |
| 260 | |c 2018 | ||
| 650 | 4 | |a kyselina mliečna |2 slo | |
| 650 | 4 | |a Au-Pd katalyzátory |2 slo | |
| 650 | 4 | |a polymérne nosiče |2 slo | |
| 650 | 4 | |a 1,2-propándiol |2 slo | |
| 650 | 4 | |a oxidácia |2 slo | |
| 650 | 4 | |a oxidation |2 eng | |
| 650 | 4 | |a lactic acid |2 eng | |
| 650 | 4 | |a Au-Pd catalysts |2 eng | |
| 650 | 4 | |a polymeric resins |2 eng | |
| 650 | 4 | |a 1,2-propanediol |2 eng | |
| 700 | 1 | |a Štolcová, Magdaléna |u 048130 |k Z1 |4 ths |U FCHPT Ústav organickej chémie, katalýzy a petrochémie |T FCHPT Oddelenie organickej technológie, katalýzy a ropy |X 3987 |U C8130 |Y 123 |7 A000003987 | |
| 856 | 4 | |u http://is.stuba.sk/zp/portal_zp.pl?podrobnosti=136429 | |